Artificial Intelligence (Record no. 6889)

MARC details
000 -LEADER
fixed length control field 00277nam a2200121Ia 4500
008 - FIXED-LENGTH DATA ELEMENTS--GENERAL INFORMATION
fixed length control field 191201s2016 xx 000 0 und d
100 ## - MAIN ENTRY--PERSONAL NAME
Personal name SHARMA, Pankaj
245 #0 - TITLE STATEMENT
Title Artificial Intelligence
260 ## - PUBLICATION, DISTRIBUTION, ETC. (IMPRINT)
Name of publisher, distributor, etc Katson
Date of publication, distribution, etc 2016
300 ## - PHYSICAL DESCRIPTION
Extent 390
650 ## - SUBJECT ADDED ENTRY--TOPICAL TERM
Topical term or geographic name as entry element B.Tech(IT)
942 ## - ADDED ENTRY ELEMENTS (KOHA)
Source of classification or shelving scheme Dewey Decimal Classification
Koha item type Text Books
Holdings
Withdrawn status Lost status Source of classification or shelving scheme Damaged status Not for loan Collection code Home library Current library Date acquired Source of acquisition Cost, normal purchase price Bill Number Total Checkouts Full call number Acc. no. / Barcode Date last seen Actual Cost, discounted price Bill Date Koha item type Checked out Date last borrowed
    Dewey Decimal Classification     Computer Science and Engineering in AI & Machine Learning PIET C-LIBRARY PIET C-LIBRARY 21/07/2020 Kirti Prakashan 265.00 IN3894   006.33 SHA 30662 04/12/2019 190.80 16/05/2019 Text Books    
    Dewey Decimal Classification     Computer Science and Engineering in AI & Machine Learning PIET C-LIBRARY PIET C-LIBRARY 21/07/2020 Kirti Prakashan 265.00 IN3894 2 006.33 SHA 30663 16/01/2026 190.80 16/05/2019 Text Books 04/08/2026 16/01/2026
    Dewey Decimal Classification     Computer Science and Engineering in AI & Machine Learning PIET C-LIBRARY PIET C-LIBRARY 21/07/2020 Kirti Prakashan 265.00 IN3894 4 006.33 SHA 30664 14/10/2022 190.80 16/05/2019 Text Books   03/10/2022
    Dewey Decimal Classification     Computer Science and Engineering in AI & Machine Learning PIET C-LIBRARY PIET C-LIBRARY 21/07/2020 Kirti Prakashan 265.00 IN3894 4 006.33 SHA 30665 17/10/2022 190.80 16/05/2019 Text Books   03/10/2022

Design & Developed by: PIET Central Library
R70 Miles Stone Pattikalyana Samalkha Panipat 132102
mail ID :- [email protected], Phone No:- 0180-2569700 Ex.216